000 00546 a2200193 4500
260 _bCNRS
245 _aJurisprudence du Conseil d'Etat et du tribunal des conflits : tables décennales 1965-1974. Tome 2 : de capitaux, monnaies, change à comptabilité publique
300 _a562 p.
260 _aParis
650 _ajurisprudence administrative
260 _c1976
100 _lFr
630 _aDroit, législation, administration
110 _aConseil d'Etat
650 _aG
020 _a2-222-02010-7
999 _c37101
_d37101